000 00985nam a22002417a 4500
005 20130403152922.0
008 090728t xxu||||| |||| 00| 0 pun d
010 _aPUN-7503 B-493594-598
020 _c80.00
_a9788182992481
035 _aPN-6621 B-493594-598
037 _bDBAD / PUB/Arsee Publishers
037 _bBPPD/Star Publications
040 _adpl
_bPN
082 _a
100 _937323
_aਟਿਵਾਣਾ,ਦਲੀਪ ਕੋਰ
245 _aਸੂਰਜ ਤੇ ਸਮੁੰਦਰ /
_cਦਲੀਪ ਕੋਰ ਟਿਵਾਣਾ
246 _aSuraj te samunder
_bby Dalip Kaur Tiwana
260 _aDelhi
_bArsee Publishers
_c2012
270 _bChandni Chonk
_aDelhi
_k23280657
_e110006
300 _a88ਪਂ;
_b22ਸੇਂਮੀ(ਸਜਿਲਦ)
942 _2ddc
_cPN
_h
_mਟਿਵਾਣਾ
999 _c71965
_d71965